Open House : (Record no. 4482)
[ view plain ]
| 000 -LEADER | |
|---|---|
| fixed length control field | 00432 a2200157 4500 |
| 010 ## - LCCN (DPL NO) | |
| LC control number | ENG-86325 |
| 020 ## - INTERNATIONAL STANDARD BOOK NUMBER | |
| International Standard Book Number | 8172149212 |
| Terms of availability | 125.00 |
| 035 ## - SYSTEM CONTROL NUMBER | |
| System control number | EN-69858 |
| 037 ## - SOURCE OF ACQUISITION | |
| Source of stock number/acquisition | DBAD / PUB |
| 082 14 - DEWEY DECIMAL CLASSIFICATION NUMBER | |
| Classification number | N |
| 100 1# - MAIN ENTRY--PERSONAL NAME | |
| Personal name | Corwin, Chuck |
| 245 1# - TITLE STATEMENT | |
| Title | Open House : |
| Statement of responsibility, etc | by Chuck Corwin |
| Remainder of title | a novel / |
| 260 ## - PUBLICATION, DISTRIBUTION, ETC. (IMPRINT) | |
| Place of publication, distribution, etc | Delhi |
| Name of publisher, distributor, etc | Indian Society for Promoting Christian Knowledge |
| Date of publication, distribution, etc | 2006 |
| 300 ## - PHYSICAL DESCRIPTION | |
| Extent | xiii, 125 p. |
| Dimensions | 21 cm. (Hb) |
| 942 ## - ADDED ENTRY ELEMENTS (KOHA) | |
| Institution code [OBSOLETE] | dpl |
| Item type | English Books |
| Source of classification or shelving scheme | Dewey Decimal Classification |
| Classification part | N |
| Call number suffix | COR |
| Withdrawn status | Lost status | Not for loan | Collection code | Home library | Current library | Source of acquisition | Cost, normal purchase price | Full call number | Barcode | Copy number | Cost, replacement price | Koha item type |
|---|---|---|---|---|---|---|---|---|---|---|---|---|
| Not For Loan | Fiction | D.B.Act.Division | D.B.Act.Division | DBAD/PUB | 125.00 | N COR | EN-69858 | 1 | 125.00 | English Books |
